[Event "DVM U14w 2012"]
[Site "Magdeburg GER"]
[Date "2012.12.29"]
[Round "6"]
[White "Jörs, Pia-Milena"]
[Black "Hütte, Sarah"]
[Result "1/2-1/2"]
[Termination "normal"]
[Board "6.3"]
[WhiteElo "1132"]
[BlackElo "1133"]
[WhiteTeam "SG Güstrow/Teterow"]
[BlackTeam "SV Welper 1922"]
[WhiteFideId "12964646"]
[BlackFideId "12929611"]
[EventCountry "GER"]
[EventRounds "7"]
[EventType "team-swiss"]
[EventDate "2012.12.26"]

1. e4 d5 2. exd5 Nf6 3. d4 Nxd5 4. Nf3 g6 5. Bc4 c6 6. O-O Bg7 7. c3 O-O 8. Bg5
Bg4 9. Nbd2 Nd7 10. Re1 Re8 11. h3 Bxf3 12. Nxf3 N7b6 13. Bb3 Qd7 14. Qd2 e6
15. Bh4 Rac8 16. Rac1 c5 17. dxc5 Rxc5 18. Bg3 Rd8 19. Ne5 Qe8 20. Qe2 Rcc8 21.
Qf3 Qe7 22. c4 Nf6 23. Bh4 Nbd7 24. Qxb7 Ra8 25. Ba4 h6 26. Bxd7 g5 27. Bg3
Nxd7 28. Nxd7 Qxd7 29. Qxd7 Rxd7 30. b3 Rad8 31. Kh2 Rd2 1/2-1/2

[Event "DVM U14w 2012"]
[Site "Magdeburg GER"]
[Date "2012.12.29"]
[Round "6"]
[White "Schaller, Bettina"]
[Black "Schubert, Lea Sophie"]
[Result "1-0"]
[Termination "normal"]
[Board "6.4"]
[WhiteElo "1175"]
[BlackElo "866"]
[WhiteTeam "SV Welper 1922"]
[BlackTeam "SG Güstrow/Teterow"]
[WhiteFideId "12929638"]
[EventCountry "GER"]
[EventRounds "7"]
[EventType "team-swiss"]
[EventDate "2012.12.26"]

1. d4 e6 2. c4 d5 3. Nc3 Bb4 4. a3 Bxc3+ 5. bxc3 Nf6 6. Bg5 O-O 7. e3 Nc6 8.
Nf3 b6 9. Ne5 Bb7 10. cxd5 exd5 11. Bd3 h6 12. Bxf6 gxf6 13. Qg4+ Kh8 14. Qf5
Kg8 15. Qh7# 1-0

[Event "DVM U14w 2012"]
[Site "Magdeburg GER"]
[Date "2012.12.29"]
[Round "6"]
[White "Winterberg, Johanna"]
[Black "Neumann, Isabel"]
[Result "1-0"]
[Termination "normal"]
[Board "7.1"]
[WhiteElo "1327"]
[BlackElo "1422"]
[WhiteTeam "SV Breitenworbis"]
[BlackTeam "SV 1919 Grimma"]
[WhiteFideId "12929344"]
[BlackFideId "12964468"]
[EventCountry "GER"]
[EventRounds "7"]
[EventType "team-swiss"]
[EventDate "2012.12.26"]

1. e4 e5 2. Nf3 Nc6 3. Bc4 Be7 4. d4 d6 5. d5 Nb8 6. h3 Nf6 7. Nc3 Nbd7 8. b4
O-O 9. O-O Nb6 10. Bb3 Ne8 11. Be3 f5 12. Bxb6 axb6 13. Nd2 f4 14. a4 Rf6 15.
Bc4 Bd7 16. Be2 Qc8 17. Bg4 Bxg4 18. Qxg4 Qxg4 19. hxg4 Rg6 20. f3 Bh4 21. Rfd1
c6 22. Nc4 Ra6 23. b5 cxb5 24. axb5 Rxa1 25. Rxa1 Rf6 26. Nxb6 Rf7 27. Ra8 Kf8
28. Nc4 Rd7 29. b6 Ke7 30. Rb8 Be1 31. Nb5 Bb4 32. c3 Bc5+ 33. Kf1 Nf6 34. Ke2
g6 35. Rh8 Kf7 36. g5 Kg7 37. Rc8 Ng8 38. Rc7 Re7 39. Rxe7+ Nxe7 40. Nbxd6 Bxd6
41. Nxd6 Kf8 42. Nxb7 Nc8 43. c4 Nxb6 44. c5 Nc8 45. d6 Na7 46. d7 Nc6 47.
d8=Q+ Nxd8 48. Nxd8 Ke7 49. Nb7 Kd7 50. Na5 Kc7 51. Kd3 Kd7 52. Kc4 Ke6 53. Kb5
Kd7 54. Kb6 Kc8 55. Nb7 Kd7 56. c6+ Ke7 57. c7 Kf7 58. c8=Q Kg7 59. Qc7+ Kg8
60. Kc6 Kf8 61. Nd6 Kg8 62. Qf7+ Kh8 63. Qf8# 1-0

[Event "DVM U14w 2012"]
[Site "Magdeburg GER"]
[Date "2012.12.29"]
[Round "6"]
[White "Arnhold, Steffi"]
[Black "Richardt, Angelina"]
[Result "1/2-1/2"]
[Termination "normal"]
[Board "7.2"]
[WhiteElo "1392"]
[BlackElo "1244"]
[WhiteTeam "SV 1919 Grimma"]
[BlackTeam "SV Breitenworbis"]
[WhiteFideId "12931365"]
[BlackFideId "12938149"]
[EventCountry "GER"]
[EventRounds "7"]
[EventType "team-swiss"]
[EventDate "2012.12.26"]

1. e4 e5 2. Nf3 d6 3. Bc4 Be7 4. c3 Nf6 5. d3 O-O 6. Bb3 c6 7. Nbd2 Nbd7 8. Qe2
Qc7 9. Nf1 d5 10. Ng3 Re8 11. Bd2 Nc5 12. Bc2 Bd6 13. h4 Bg4 14. h5 dxe4 15.
dxe4 Rad8 16. O-O-O b5 17. Bg5 Be7 18. Rxd8 Rxd8 19. Nf5 Nb7 20. Nxe7+ Qxe7 21.
Rh4 Bxf3 22. Qxf3 h6 23. Bxf6 Qxf6 24. Qxf6 gxf6 25. f4 Kh8 26. fxe5 fxe5 27.
Rh3 Rg8 28. Rf3 Nd8 29. g3 Kh7 30. Bb3 Rf8 31. Kd2 Kg7 32. Kd3 c5 33. Bc2 Ne6
34. a4 c4+ 35. Ke3 a6 36. axb5 axb5 37. b3 Ra8 38. bxc4 bxc4 39. Rf5 f6 40. Bd1
Ng5 41. Be2 Ra3 42. Bxc4 Rxc3+ 43. Bd3 Ne6 44. Rf1 Nc5 45. Rd1 Kf7 1/2-1/2

[Event "DVM U14w 2012"]
[Site "Magdeburg GER"]
[Date "2012.12.29"]
[Round "6"]
[White "Hagenbeck-Hübert, Lara"]
[Black "Diederich, Lena"]
[Result "1/2-1/2"]
[Termination "normal"]
[Board "7.4"]
[WhiteElo "1261"]
[BlackElo "1219"]
[WhiteTeam "SV 1919 Grimma"]
[BlackTeam "SV Breitenworbis"]
[WhiteFideId "12964484"]
[BlackFideId "12964549"]
[EventCountry "GER"]
[EventRounds "7"]
[EventType "team-swiss"]
[EventDate "2012.12.26"]

1. e4 e5 2. Nf3 d6 3. c3 Nf6 4. Qc2 Be7 5. Be2 O-O 6. d4 exd4 7. cxd4 Nbd7 8.
Nc3 Nb6 9. h3 Re8 10. Be3 c6 11. O-O-O Be6 12. g4 Nc4 13. Bf4 b5 14. Rdg1 Nb6
15. Nd2 a5 16. b3 b4 17. Ncb1 Qd7 18. g5 Bxh3 19. gxf6 Bxf6 20. e5 dxe5 21.
dxe5 Bxe5 22. Bxe5 Rxe5 23. Qb2 Rc5+ 24. Nc4 f6 25. Qxf6 Bf5 26. Kb2 Nxc4+ 27.
Bxc4+ Kh8 28. Qg5 a4 29. Rd1 a3+ 30. Ka1 Qc7 31. Rd4 h6 32. Be6 Qe5 33. Qe3
Qxe3 1/2-1/2

[Event "DVM U14w 2012"]
[Site "Magdeburg GER"]
[Date "2012.12.29"]
[Round "6"]
[White "Semenova, Alisa"]
[Black "Nguyen, Ha Thanh"]
[Result "1/2-1/2"]
[Termination "normal"]
[Board "8.1"]
[WhiteElo "1579"]
[BlackElo "1299"]
[WhiteTeam "SK Neumarkt"]
[BlackTeam "SV Empor Erfurt"]
[WhiteFideId "1272132"]
[BlackFideId "12942154"]
[EventCountry "GER"]
[EventRounds "7"]
[EventType "team-swiss"]
[EventDate "2012.12.26"]

1. e4 c5 2. Nc3 Nc6 3. g3 g6 4. Bg2 Bg7 5. d3 d6 6. Be3 Nf6 7. Qd2 Bd7 8. Bh6
O-O 9. h4 Ng4 10. Bxg7 Kxg7 11. h5 e6 12. hxg6 fxg6 13. f3 Nf6 14. Qh6+ Kf7 15.
Nh3 Ke8 16. Ng5 Ng8 17. Qh4 h6 18. Nh3 Qxh4 19. gxh4 Nd4 20. O-O-O Nxf3 21.
Bxf3 Rxf3 22. Rdf1 Rxf1+ 23. Rxf1 Ke7 24. Nf4 Kf7 25. Nh5+ Ke7 26. Nf4 Be8 27.
Rg1 1/2-1/2

[Event "DVM U14w 2012"]
[Site "Magdeburg GER"]
[Date "2012.12.29"]
[Round "6"]
[White "Schilay, Maria"]
[Black "Rieger, Lotta"]
[Result "0-1"]
[Termination "normal"]
[Board "8.3"]
[WhiteElo "1115"]
[BlackElo "1062"]
[WhiteTeam "SK Neumarkt"]
[BlackTeam "SV Empor Erfurt"]
[WhiteFideId "12942979"]
[BlackFideId "12964620"]
[EventCountry "GER"]
[EventRounds "7"]
[EventType "team-swiss"]
[EventDate "2012.12.26"]

1. e4 e5 2. Nf3 Nc6 3. Nc3 Nf6 4. a3 Bc5 5. Nxe5 Nxe5 6. d4 Bxd4 7. Qxd4 d6 8.
f4 Nc6 9. Qd1 O-O 10. Bd3 Re8 11. O-O Bg4 12. Qe1 h6 13. Qg3 Qd7 14. f5 Ne5 15.
h3 Bh5 16. Bxh6 Bg4 17. hxg4 gxh6 18. g5 Nfg4 19. gxh6 Kh7 20. Nd5 Rg8 21. Be2
Qc6 22. Ne7 Qc5+ 23. Kh1 Rg5 24. Qh4 f6 25. Nd5 Qxc2 26. Bxg4 Nxg4 27. Rac1 Qd2
28. Rxc7+ Kh8 29. h7 Ne3 30. Nxe3 Qxe3 31. Qh6 Qd4 32. Rf2 Qd1+ 33. Kh2 Rh5+
34. Kg3 Rxh6 35. Rxb7 Qd3+ 36. Rf3 Qxe4 37. Rd7 Qh4# 0-1

[Event "DVM U14w 2012"]
[Site "Magdeburg GER"]
[Date "2012.12.29"]
[Round "6"]
[White "Schulz, Theresa Charlotte"]
[Black "Held, Fabienne"]
[Result "1-0"]
[Termination "normal"]
[Board "8.4"]
[WhiteElo "964"]
[BlackElo "766"]
[WhiteTeam "SV Empor Erfurt"]
[BlackTeam "SK Neumarkt"]
[WhiteFideId "12952206"]
[BlackFideId "12964670"]
[EventCountry "GER"]
[EventRounds "7"]
[EventType "team-swiss"]
[EventDate "2012.12.26"]

1. e4 e5 2. Nf3 Nc6 3. Bc4 Nf6 4. Nc3 Bb4 5. d3 d6 6. O-O O-O 7. Bg5 Bg4 8. Nd5
Nd4 9. Nxf6+ gxf6 10. Bh6 Re8 11. c3 Bxc3 12. bxc3 Nxf3+ 13. gxf3 Bh3 14. Qb3
Qe7 15. Rfe1 f5 16. Kh1 Qf6 17. Rg1+ Kh8 18. Bg7+ Qxg7 19. Rxg7 Kxg7 20. exf5
Bxf5 21. Qxb7 Rec8 22. Qd5 Be6 23. Qe4 d5 24. Bxd5 Bxd5 25. Qxe5+ Kf8 26. Qxd5
Rd8 27. Qc5+ Rd6 28. Qxc7 Rxd3 29. Qc5+ Kg8 30. Rg1+ Kh8 31. Qe5+ f6 32. Qxf6#
1-0

[Event "DVM U14w 2012"]
[Site "Magdeburg GER"]
[Date "2012.12.29"]
[Round "6"]
[White "Mao, Yvonne"]
[Black "G., Diana"]
[Result "0-1"]
[Termination "normal"]
[Board "9.1"]
[WhiteElo "1180"]
[BlackElo "1151"]
[WhiteTeam "SK 1980 Gernsheim"]
[BlackTeam "Hamburger SK von 1830"]
[WhiteFideId "12942561"]
[BlackFideId "12964700"]
[EventCountry "GER"]
[EventRounds "7"]
[EventType "team-swiss"]
[EventDate "2012.12.26"]

1. e4 e5 2. Nf3 Nc6 3. Nc3 Nf6 4. a3 Bc5 5. Nxe5 Bxf2+ 6. Kxf2 Nxe5 7. d4 Neg4+
8. Kg1 d6 9. h3 Nh6 10. Bd3 d5 11. e5 Nd7 12. Nxd5 Nxe5 13. Nxc7+ Qxc7 14. Qe2
f6 15. dxe5 Qxe5 16. Qxe5+ fxe5 17. Kh2 O-O 18. Be3 Nf5 19. Bc5 Re8 20. Rhf1 b6
21. Bb5 Rd8 22. Bc4+ Kh8 23. Rad1 Rxd1 24. Rxd1 Bb7 25. Bg1 Nh4 26. Bd5 Rd8 27.
c4 b5 28. b3 bxc4 29. bxc4 Ba6 30. Re1 Re8 31. Bxa7 h6 32. Bc5 Rc8 33. Bd6 Bxc4
34. Bxc4 Rxc4 35. Rxe5 Rc2 36. Kg3 g5 37. Re8+ Kh7 38. Kg4 Rc4+ 39. Kg3 Nf5+
40. Kh2 Nxd6 41. Re7+ Kg8 42. Ra7 Nb5 43. Ra6 Kg7 44. a4 Nc3 45. a5 Ra4 46.
Ra7+ Kf6 47. Rc7 Nd5 48. Rc6+ Kg7 49. a6 Ra2 50. Kg3 Nb4 51. Rc7+ Kg6 52. a7
Nd5 53. Rb7 Ne3 54. Rb6+ Kf7 55. Rxh6 Nf5+ 56. Kg4 Nxh6+ 57. Kxg5 Kg7 58. Kh5
Rxa7 59. g4 Ra3 60. h4 Nxg4 61. Kxg4 Ra5 62. h5 Kh6 63. Kf4 Rxh5 64. Kg4 Ra5
0-1

[Event "DVM U14w 2012"]
[Site "Magdeburg GER"]
[Date "2012.12.29"]
[Round "6"]
[White "Michna, Masza"]
[Black "Le, Kim Anh"]
[Result "0-1"]
[Termination "normal"]
[Board "9.2"]
[WhiteElo "1056"]
[BlackElo "982"]
[WhiteTeam "Hamburger SK von 1830"]
[BlackTeam "SK 1980 Gernsheim"]
[WhiteFideId "12921998"]
[BlackFideId "12947342"]
[EventCountry "GER"]
[EventRounds "7"]
[EventType "team-swiss"]
[EventDate "2012.12.26"]

1. f4 d5 2. Nf3 g6 3. e3 Bg7 4. Be2 c5 5. O-O a6 6. Nc3 Nc6 7. d3 b5 8. Bd2 Bb7
9. a3 Nf6 10. d4 cxd4 11. exd4 Ne4 12. Bd3 Nxd2 13. Qxd2 Nxd4 14. Nxd4 Bxd4+
15. Kh1 Rc8 16. Bxb5+ axb5 17. Qxd4 O-O 18. Qd2 Qd7 19. Ne2 f6 20. c3 e5 21.
fxe5 fxe5 22. Kg1 Bc6 23. Rxf8+ Rxf8 24. Rf1 Qa7+ 25. Nd4 Rxf1+ 26. Kxf1 exd4
27. cxd4 Kf8 28. Qf4+ Qf7 29. Qxf7+ Kxf7 30. g3 Kf6 31. Kf2 Kf5 32. Kf3 Bd7 33.
b3 h5 34. h4 g5 35. hxg5 Kxg5 36. b4 Kf5 37. Ke3 Kg4 38. Kf2 Bf5 39. Kg2 Be4+
40. Kf2 Bf3 41. a4 bxa4 42. b5 a3 43. b6 a2 44. b7 a1=Q 45. b8=Q Qxd4+ 46. Ke1
Qd1+ 47. Kf2 Qe2+ 48. Kg1 Qg2# 0-1

[Event "DVM U14w 2012"]
[Site "Magdeburg GER"]
[Date "2012.12.29"]
[Round "6"]
[White "Nguyen, Julia"]
[Black "Reich, Kristina"]
[Result "1-0"]
[Termination "normal"]
[Board "9.3"]
[WhiteElo "1012"]
[BlackElo "955"]
[WhiteTeam "SK 1980 Gernsheim"]
[BlackTeam "Hamburger SK von 1830"]
[WhiteFideId "12964689"]
[BlackFideId "12964719"]
[EventCountry "GER"]
[EventRounds "7"]
[EventType "team-swiss"]
[EventDate "2012.12.26"]

1. e4 e5 2. Nf3 Nc6 3. Nc3 Nf6 4. a3 Bc5 5. Nxe5 Bxf2+ 6. Kxf2 Nxe5 7. d4 Ng6
8. Bc4 O-O 9. Re1 d6 10. Bg5 Ng4+ 11. Qxg4 Bxg4 12. Bxd8 Raxd8 13. Re3 c6 14.
d5 c5 15. Rae1 Ne5 16. Bb3 f5 17. Kg1 fxe4 18. Nxe4 Nf7 19. Rg3 Nh6 20. h3 Bh5
21. Ng5 Rd7 22. Re4 Bg6 23. Ra4 a6 24. Bc4 b5 25. Rxa6 bxc4 26. Ra4 Bxc2 27.
Rxc4 Bb1 28. Ne6 Nf5 29. Rf4 Rff7 30. Rb3 h6 31. Rb8+ Kh7 32. Nf8+ Rxf8 33.
Rxf8 Kg6 34. b4 cxb4 35. axb4 Rb7 36. Rc8 Ba2 37. g4 Ne3 38. Rd8 Nxd5 39. Re4
Nxb4 40. Rxd6+ Kg5 41. Kg2 Bd5 42. Rxd5+ Nxd5 43. Re5+ Kh4 44. Rxd5 Rb2+ 45.
Kf3 Kxh3 46. Rh5# 1-0

[Event "DVM U14w 2012"]
[Site "Magdeburg GER"]
[Date "2012.12.29"]
[Round "6"]
[White "Rudenko, Katharina"]
[Black "Le, Mai Linh Lisa"]
[Result "1-0"]
[Termination "normal"]
[Board "9.4"]
[WhiteElo "867"]
[BlackElo "871"]
[WhiteTeam "Hamburger SK von 1830"]
[BlackTeam "SK 1980 Gernsheim"]
[BlackFideId "12964697"]
[EventCountry "GER"]
[EventRounds "7"]
[EventType "team-swiss"]
[EventDate "2012.12.26"]

1. c4 e5 2. Nc3 Nc6 3. g3 g6 4. Bg2 Bg7 5. Nf3 Nge7 6. O-O O-O 7. d3 f5 8. e4
d6 9. Bg5 h6 10. Bxe7 Qxe7 11. Nd5 Qd8 12. b4 fxe4 13. dxe4 Bg4 14. Qd3 Nd4 15.
Nxd4 exd4 16. Rab1 a6 17. c5 c6 18. Nb6 Rb8 19. Nc4 dxc5 20. bxc5 Be6 21. a4 b5
22. axb5 axb5 23. Nd6 Qg5 24. e5 Qxe5 25. Qxg6 Bf5 26. Nxf5 Rxf5 27. Qxc6 b4
28. Rfe1 Qxc5 29. Qe6+ Kh7 30. Be4 Rbf8 31. Bxf5+ Rxf5 32. Qe7 Qc2 33. Qe2 d3
34. Qxc2 dxc2 35. Rxb4 Rc5 36. Rc1 Kg6 37. Kf1 h5 38. Ke2 Bh6 39. f4 Bf8 40.
Rb2 Rd5 41. Rcxc2 Kf5 42. Rd2 Rc5 43. Ke3 Rc8 44. Rd5+ Kg4 45. Rg5+ Kh3 46.
Rxh5+ Kg4 47. Rh4+ Kf5 48. Rb5+ Bc5+ 49. Kf3 Ke6 50. Rh5 Bf8 51. Rb6+ Kf7 52.
Rf5+ Ke8 53. h4 Rc3+ 54. Kg4 Rc1 55. Rb8+ Ke7 56. Rbxf8 Kd6 57. h5 Re1 58.
R8f6+ Kd7 59. Re5 Rxe5 60. fxe5 Ke7 61. h6 Kd7 62. h7 Ke7 63. h8=Q Kd7 64. Qg7+
Ke8 65. Rf8# 1-0

[Event "DVM U14w 2012"]
[Site "Magdeburg GER"]
[Date "2012.12.29"]
[Round "6"]
[White "Flach, Helene"]
[Black "Schnepper, Pauline"]
[Result "0-1"]
[Termination "normal"]
[Board "10.1"]
[WhiteElo "1096"]
[BlackElo "1580"]
[WhiteTeam "SK Langen"]
[BlackTeam "SK 1929 Mainaschaff"]
[WhiteFideId "12929735"]
[BlackFideId "12918040"]
[EventCountry "GER"]
[EventRounds "7"]
[EventType "team-swiss"]
[EventDate "2012.12.26"]

1. e4 c6 2. d4 d5 3. Nc3 dxe4 4. Nxe4 Bf5 5. Nc3 Nf6 6. Nf3 e6 7. Bd2 Bg4 8.
Be3 Bb4 9. a3 Bxc3+ 10. bxc3 Nbd7 11. Be2 Qa5 12. Bd2 Ne4 13. O-O Nxc3 14. Bxc3
Qxc3 15. Re1 O-O 16. h3 Bh5 17. Nh2 Bg6 18. Ra2 Rfd8 19. Nf3 c5 20. Bf1 cxd4
21. Qc1 Rac8 22. Re2 Bd3 23. Rd2 Bxf1 24. Kxf1 Qc4+ 25. Kg1 Qxa2 26. Nxd4 Qc4
0-1

[Event "DVM U14w 2012"]
[Site "Magdeburg GER"]
[Date "2012.12.29"]
[Round "6"]
[White "Schwind, Clara"]
[Black "Lehnert, Anna-Victoria"]
[Result "1-0"]
[Termination "normal"]
[Board "10.2"]
[WhiteElo "1375"]
[BlackElo "791"]
[WhiteTeam "SK 1929 Mainaschaff"]
[BlackTeam "SK Langen"]
[WhiteFideId "12964581"]
[BlackFideId "12957062"]
[EventCountry "GER"]
[EventRounds "7"]
[EventType "team-swiss"]
[EventDate "2012.12.26"]

1. e4 e5 2. Nf3 Nc6 3. d4 d6 4. dxe5 Be6 5. exd6 cxd6 6. Nc3 Be7 7. Bb5 Qc7 8.
O-O Bf6 9. Nd5 Qd8 10. Re1 Be5 11. c3 Nge7 12. Bf4 O-O 13. Nxe7+ Qxe7 14. Bxc6
bxc6 15. Nxe5 dxe5 16. Bxe5 Rfd8 17. Qe2 Rac8 18. f4 Bd7 19. b4 c5 20. bxc5
Qxc5+ 21. Bd4 Bb5 22. Bxc5 Bxe2 23. Bd4 Bb5 24. Rab1 a6 25. e5 Re8 26. Re3 h6
27. Rb4 Bc4 28. a3 Rc6 29. Rb6 Rxb6 30. Bxb6 Be6 31. Ba5 g6 32. Rd3 Kf8 33. Rd8
Ke7 34. Rxe8+ Kxe8 35. Kf2 f5 36. exf6 Kf7 37. Bd8 Bd5 38. g3 Be6 39. Ke3 Bf5
40. c4 Bd7 41. Kd4 Be8 42. Kd5 a5 43. c5 Bd7 44. c6 Be6+ 45. Kd6 Bc8 46. Kc7
Ba6 47. Kb8 a4 48. c7 Ke8 49. c8=Q Bxc8 50. Kxc8 Kf7 51. Kc7 Ke8 52. Be7 Kf7
53. Kc6 g5 54. fxg5 hxg5 55. h4 gxh4 56. gxh4 Kg6 57. h5+ Kxh5 58. f7 1-0

[Event "DVM U14w 2012"]
[Site "Magdeburg GER"]
[Date "2012.12.29"]
[Round "6"]
[White "Hietala, Netta"]
[Black "Pfeufer, Helena"]
[Result "1/2-1/2"]
[Termination "normal"]
[Board "10.3"]
[WhiteElo "766"]
[BlackElo "1012"]
[WhiteTeam "SK Langen"]
[BlackTeam "SK 1929 Mainaschaff"]
[WhiteFideId "12964743"]
[BlackFideId "12964590"]
[EventCountry "GER"]
[EventRounds "7"]
[EventType "team-swiss"]
[EventDate "2012.12.26"]

1. e4 e5 2. Nf3 Nc6 3. Nc3 Nf6 4. Bb5 Bc5 5. Bxc6 bxc6 6. Nxe5 Qe7 7. d4 Bb4 8.
f3 O-O 9. Bd2 Bb7 10. Bf4 d6 11. Nd3 Bxc3+ 12. bxc3 d5 13. e5 Nd7 14. O-O c5
15. Be3 cxd4 16. cxd4 Nb6 17. Re1 Nc4 18. f4 Bc8 19. Rc1 Bf5 20. c3 Bxd3 21.
Qxd3 Rab8 22. Rb1 Rfc8 23. Re2 Nxe3 24. Rxe3 c5 25. Rh3 h6 26. Rf1 Rc6 27. f5
1/2-1/2

[Event "DVM U14w 2012"]
[Site "Magdeburg GER"]
[Date "2012.12.29"]
[Round "6"]
[White "Gentil, Verena"]
[Black "Baratonlieva, Elvana"]
[Result "1-0"]
[Termination "normal"]
[Board "10.4"]
[WhiteElo "1023"]
[BlackElo "781"]
[WhiteTeam "SK 1929 Mainaschaff"]
[BlackTeam "SK Langen"]
[WhiteFideId "12964611"]
[BlackFideId "12964751"]
[EventCountry "GER"]
[EventRounds "7"]
[EventType "team-swiss"]
[EventDate "2012.12.26"]

1. e4 b6 2. Nf3 Bb7 3. Nc3 g6 4. Bc4 Bg7 5. d3 e6 6. Bg5 f6 7. Bh4 d5 8. Bb5+
Nc6 9. O-O Nge7 10. Re1 Bc8 11. e5 O-O 12. Bg3 a6 13. Ba4 d4 14. Nb1 Nf5 15.
Bxc6 Rb8 16. Be4 Nxg3 17. hxg3 f5 18. Bc6 Qe7 19. Nxd4 Qc5 20. c3 Bxe5 21. Nf3
Qxc6 22. Nxe5 Qb5 23. Na3 Qd5 24. g4 Bb7 25. f3 Rf6 26. Qb3 Qd6 27. Qb4 c5 28.
Qf4 Rbf8 29. g5 R6f7 30. Nxg6 Qxf4 31. Nxf4 Re8 32. g6 hxg6 33. Nxg6 Rf6 34.
Ne5 Re7 35. Nac4 Rh7 36. a3 Rfh6 37. Nxb6 Rh1+ 38. Kf2 R1h2 39. Rg1 Kg7 40. Ke3
R7h4 41. g4 Rxb2 42. Na4 Rc2 43. gxf5+ Kf6 44. d4 exf5 45. Rg6+ Ke7 46. Rg7+
Kf6 47. Rxb7 Kg5 48. Rg1+ Kf6 49. Rg6# 1-0